000
00276nam a2200109Ia 4500
008
220214s9999 xx 000 0 und d
100
_a
Kinosita Koreo
245
0
_a
Sedimentation in tilted vessels
260
_b
Journal of Wood Science
_c
1949
300
_a
525-536
942
_c
RE
999
_c
45939
_d
45939